00538nam a2200205 a 4500001001300000003000900013005001700022008004100039020001000080082001600090100002100106245004100127260004600168300000900214500003500223505001300258650002000271650002000291700002100311nice12345678IN_TiNIC20260116011536.0050524s1900 laha grp 000 0 urd  ac10000a297.8bKHA1 aKhan, Syed Ahmad aMukammil Majmua Lectures Va Speeches aLahorebMunshi Mohammad Fazlaluddinc1900 a574p aincludes index and biblioraphy2 aArchives aIslam-Movements aSyed Ahmad Khan1 aKhan, Syed Ahmad